Central Library OPAC University of Rajshahi

عہد اسلامی میں تعلیمی ترقی [Ahdi Islami min Taalimi taraqi ] / (Record no. 80129)

MARC details
000 -LEADER
fixed length control field 00773naa a2200193 a 4500
001 - CONTROL NUMBER
control field 80129
003 - CONTROL NUMBER IDENTIFIER
rucl marc code BD-RjUL
005 - DATE AND TIME OF LATEST TRANSACTION
control field 20220727134931.0
008 - FIXED-LENGTH DATA ELEMENTS--GENERAL INFORMATION
fixed length control field 220727s1965 pk ||||| |||| 00| 0 urd d
035 ## - SYSTEM CONTROL NUMBER
System control number (BD-RjUL)80129
040 ## - CATALOGING SOURCE
Original cataloging agency BD-RjUL
Language of cataloging eng
Transcribing agency BD-RjUL
041 ## - LANGUAGE CODE
Language code of text/sound track or separate title urd
082 ## - DEWEY DECIMAL CLASSIFICATION NUMBER
Edition number 23
Classification number 371.07709
Author mark and year LAA 1965
245 10 - TITLE STATEMENT
Title عہد اسلامی میں تعلیمی ترقی [Ahdi Islami min Taalimi taraqi ] /
Statement of responsibility, etc. by by N.N.La ; mutarjim, Ikhlas Hussein Zubayri and Sultan Fatima Balkhiاین۔ این۔ لا ; مترجم ; اخلاص حسين زبيري و سلطان فاطمه بلخي
260 ## - PUBLICATION, DISTRIBUTION, ETC. (IMPRINT)
Place of publication, distribution, etc. Karachi :
Name of publisher, distributor, etc. Ekademy of Educational Research ,
Date of publication, distribution, etc. 1965
300 ## - PHYSICAL DESCRIPTION
Pagination 308 p.;
Size 22 cm
650 ## - SUBJECT ADDED ENTRY--TOPICAL TERM
Topical term or geographic name as entry element Education
Form subdivision Islam
9 (RLIN) 4156
942 ## - ADDED ENTRY ELEMENTS (KOHA)
Source of classification or shelving scheme Dewey Decimal Classification
Koha item type Books
Holdings
Lost status Source of classification or shelving scheme Damaged status Not for loan Collection code Permanent Location Current Location Shelving location Date acquired Source of acquisition Cost, normal purchase price Total Checkouts Full call number Date last seen Copy number Koha item type
  Dewey Decimal Classification   Not For Loan Non-fiction Central Library, University of Rajshahi Central Library, University of Rajshahi Reading Room 17/05/1967 Sh Mubarak Ali, Lahore 8.00   U 371.07709 LAA 1965 27/07/2022 C-1 Books